| 000 | 00585nam a2200181 i 4500 | ||
|---|---|---|---|
| 001 | 38625 | ||
| 003 | ES-MaACL | ||
| 005 | 20260303141306.0 | ||
| 007 | t| | ||
| 008 | 030226s1971 sp ||||1| spa d | ||
| 100 | 1 |
_aBurriel de Orueta, Eugenio. _932773 |
|
| 245 | 1 | 3 |
_aLa huerta de Valencia zona sur / _cEugenio Burriel de Orueta. |
| 260 |
_aValencia : _bInstitución Alfonso el Magnánimo, _c1971. |
||
| 300 |
_a624 p., 15 lám. : _b3 map. pleg. ; _c24 cm. |
||
| 710 | 2 |
_aInstitució Alfons el Magnànim _9173001 |
|
| 852 |
_aES-MaACL _jC-44033 _bR.76786 |
||
| 999 |
_c38625 _d38625 |
||